000 00500nam a2200169 a 4500
001 000047395
005 20201002060521.0
008 180515s2004 dr a 000 0 spa d
020 _a9993492272
040 _aDO-SdBNP
_bspa
_cBNPHU
082 _axxxx
_bP349a
100 1 _aPeña J., Carolina
_975036
245 1 0 _aArdillita 1 :
_bpreescolar /
_cCarolina Peña J.
260 _aSanto Domingo :
_bActualidad Escolar 2000,
_c[s.f.].
300 _a95 p. :
_bil. ;
_c28 cm.
590 _aInventariado, 2018/LP
999 _c46883
_d46883